000 00289nam a22001337a 4500
008 181016b xxu||||| |||| 00| 0 eng d
020 _a013697905
041 _aeng
080 _a371
100 _a25
101 _aEDU
245 _aGrammar and Composition
_cForlini, G
942 _2udc
_cBK
999 _c49936
_d49936